Score 0/21 Timer 05:00
0 Plays Today
% Correct
Shell
96.5%
Exxon
89.5%
Quiznos
86.9%
Hyatt
81.9%
Denny's
79.6%
Citgo
77.2%
Subway
75%
Sonic
70.2%
Chevron
69%
Ramada
66.2%
Checkers
63.4%
% Correct
Sunoco
58%
Hilton
54.4%
Speedway
53.1%
Panera
49.9%
Marriott
43.4%
Chipotle
34.5%
Marathon
27%
Radisson
20.2%
Budgetel
19.7%
Doubletree
13.9%

You're not logged in!

Compare scores with friends on all Sporcle quizzes.
OR
Log In

Sporcle TV

Today on Sporcle TV


Watch our educational content, quiz creation guides, and fun videos on Sporcle TV.

Show Comments

Extras

Top Quizzes Today


Score Distribution

Paid Content

Your Account Isn't Verified!

In order to create a playlist on Sporcle, you need to verify the email address you used during registration. Go to your Sporcle Settings to finish the process.

Report this User

Report this user for behavior that violates our Community Guidelines.

Details: